000 00784nam a2200241Ia 4500
003 OSt
005 20220925230621.0
006 a|||||r|||| 00| 0
007 ta
008 220923b |||||||| |||| 00| 0 eng d
020 _a9780300219258
_c1998.90
037 _b12992, 08/03/2017, Elite Publisher Distributors
_cGeneral Book
040 _aRTL
_cRTL
_beng
041 _2eng
_aeng
082 _aL:5191, Q6
100 _aSTARK Andrew
_9293953
245 0 _aConsolations of mortality
_b Making sense of death
260 _aLondon
_bYale University Press
_c2016
300 _aix,275p.
_ccm.
500 _aBibliography chapterwise
942 _hL:5191, Q6
_cGB
_2CC
999 _c586129
_d586129